000
00246nam a22001097a 4500
082
_a
621.381535 SEN'V
100
_a
SENTZ, R. E
_9
79835
245
_a
VOLTAGE AND POWER AMPLIFIERS
260
_a
NEWYORK
_b
HOLT
_c
1968
300
_a
282P
942
_c
BK
999
_c
584957
_d
584957